000 00288nam a22001337a 4500
008 180928b xxu||||| |||| 00| 0 eng d
020 _a9781455738984
041 _aeng
080 _a610.73
100 _a2
101 _aNUR
245 _aNursing Clinics
_cSuzane.S.P
942 _2udc
_cBK
999 _c48651
_d48651